Náležitosti, ktoré musí obsahovať žiadosť o vrátenie dane v roku 2015

Nárok na vrátenie dane si žiadateľ uplatňuje podaním žiadosti o vrátenie dane v elektronickej forme prostredníctvom elektronického portálu v členskom štáte, v ktorom má sídlo, miesto podnikania, prevádzku, bydlisko alebo v ktorom sa obvykle zdržiava.

Guardado en:
Detalles Bibliográficos
Autor principal: Válek, Juraj, 1981-
Formato: Capítulo de libro
Lenguaje:eslovaco
Materias:
Etiquetas: Agregar Etiqueta
Sin Etiquetas, Sea el primero en etiquetar este registro!

MARC

LEADER 00000nla a2200000 4500
001 0200617
005 20240502073407.3
041 0 |a slo 
044 |a SK 
245 1 0 |a Náležitosti, ktoré musí obsahovať žiadosť o vrátenie dane v roku 2015  |c Juraj Válek 
520 |a Nárok na vrátenie dane si žiadateľ uplatňuje podaním žiadosti o vrátenie dane v elektronickej forme prostredníctvom elektronického portálu v členskom štáte, v ktorom má sídlo, miesto podnikania, prevádzku, bydlisko alebo v ktorom sa obvykle zdržiava. 
610 2 0 |a dane z hodnoty pridanej 
610 2 0 |a priznania daňové 
610 2 0 |a povinnosť daňová 
610 2 0 |a rezidenti 
610 2 0 |a zdaňovanie 
610 2 0 |a obdobie zdaňovacie 
610 2 0 |a vyrovnanie daňové 
100 1 |a Válek, Juraj, 1981-